| 000 | 00894cam a2200265 a 4500 | ||
|---|---|---|---|
| 020 | _a9788785180056 | ||
| 020 | _a878518005X | ||
| 040 | _cBTCTA | ||
| 082 | _a333 SOC 2010 A073 Or. | ||
| 100 | 1 | _aCrumlin-Pedersen, Ole | |
| 245 | 1 | 0 |
_aArchaeology and the sea in Scandinavia and Britain : _ba personal account / |
| 260 |
_aRoskilde : _bViking Ship Museum ; _a[Edinburgh] : _bSociety of Antiquaries of Scotland, _c2010 |
||
| 300 |
_a184 p. : _bill. (chiefly col.), maps (chiefly col.) ; _c28 cm |
||
| 490 | 1 | _aMaritime culture of the North ; | |
| 490 | 1 | _aRhind lectures ; | |
| 650 | 0 | _aUnderwater archaeology | |
| 650 | 0 | _aUnderwater archaeology | |
| 650 | 0 | _aShips, Ancient | |
| 650 | 0 | _aShips, Ancient | |
| 650 | 0 | _aShips, Medieval | |
| 650 | 0 | _aShips, Medieval | |
| 710 | 2 | _aVikingeskibshallen (Roskilde, Denmark) | |
| 710 | 2 | _aSociety of Antiquaries of Scotland | |
| 942 | _cEK | ||
| 999 |
_c15122 _d15122 |
||